| 000 | 06926namaa22004451i 4500 | ||
|---|---|---|---|
| 003 | EG-GICUC | ||
| 005 | 20260428230509.0 | ||
| 008 | 260428s2025 ua a|||frm||| 000 0 eng d | ||
| 040 |
_aEG-GICUC _beng _cEG-GICUC _dEG-GICUC _erda |
||
| 041 | 0 |
_aeng _beng _bara |
|
| 049 | _aDeposit | ||
| 082 | 0 | 4 | _a615.82 |
| 092 |
_a615.82 _221 |
||
| 097 | _aM.Sc | ||
| 099 | _aCai01.21.09.M.Sc.2025.Ta.E | ||
| 100 | 0 |
_aTawfik Mohamed Tawfik Elgazar, _epreparation. |
|
| 245 | 1 | 0 |
_aEffect of mulligan's mobilization with arm movement on nerve conduction velocity in patients with unilateral cervical radiculopathy / _cby Tawfik Mohamed Tawfik Elgazar ; Supervisors Prof Dr. Maher Ahmed Elkeblawy, Prof. Dr. Haidy Mohamed Alshebawy, Dr. Ibrahim Mohamed Hassan. |
| 246 | 1 | 5 | _aتأثير موليجان مع حركة الذراع على سرعة توصيل العصب في المرضى المصابين باعتلال جذور الرقبة في جانب واحد |
| 264 | 0 | _c2025. | |
| 300 |
_a87 pages : _billustrations ; _c25 cm. + _eCD. |
||
| 336 |
_atext _2rda content |
||
| 337 |
_aUnmediated _2rdamedia |
||
| 338 |
_avolume _2rdacarrier |
||
| 502 | _aThesis (M.Sc)-Cairo University, 2025. | ||
| 504 | _aBibliography: pages 77-83. | ||
| 520 | 3 | _aBackground : Cervical radiculopathy causes unilateral radiating pain, and sustained Mobilization with limb movement can help by using transverse gliding on the spinous process to restore symptom-free movement. Objective: This study aimed to investigate the impact of Mulligan's Mobilization with Arm Movement (SMWAM) on nerve conduction velocity (NCV) in patients diagnosed with unilateral cervical radiculopathy. Design: A randomized controlled trial was conducted, including forty patients aged 20 to 60 years. They were randomly assigned to either the control group (conventional treatment) Or the treatment group (SMWAM). Methods: Both groups underwent six treatment sessions over three weeks. the control group received only conventional therapy, which included hot pack applications, active range of motion exercises, and isometric strengthening exercises , whereas The treatment group received SMWAM and conventional therapy. Outcome measures included NCV, pain intensity assessed using the Visual Analog Scale (VAS), functional disability measured using the Neck Disability Index (NDI), and cervical range of motion (CROM). Results: Post-intervention analysis stated that Nerve conduction parameters (latency, amplitude, velocity, and F-wave) did not show statistically significant differences between groups (p > 0.05). Although pain intensity (VAS) and Functional disability (NDI) were significantly reduced in both groups, with greater improvements in the treatment group (p < 0.05). Also significant improvements in cervical range of motion (flexion, extension, sidebending, and rotation) in the treatment group compared to the control group (p < 0.05). Conclusion: SMWAM accompanied by conventional treatment reduce pain and improve the neck function and ROM more effectively than the conventional treatment . Further research is needed to explore its long- term effects and potential mechanisms. | |
| 520 | 3 | _aالخلفية: التهاب جذور الأعصاب في الرقبةيسبب ألمًا ينتشر من الرقبة إلى جهة واحدة من الذراع. وقد تساعد تقنية التحريك اليدوي للعمود الفقري مع حركة الذراع في تخفيف الألم، وذلك من خلال انزلاق جانبي على الناتئ الشوكي للفقرات، مما يساعد في استعادة الحركة بدون ألم. الهدف: هدفت هذه الدراسة إلى تقييم تأثير تقنية موليجان مع حركة الذراععلى سرعة توصيل الأعصابلدى مرضى يعانون من التهاب جذور الأعصاب في جهة واحدة من الرقبة. تصميم الدراسة:أُجريت تجربة عشوائية محكمة شملت 40 مشاركًا تتراوح أعمارهم بين 20 إلى 60 سنة. تم تقسيمهم عشوائيًا إلى مجموعتين: المجموعة العلاجية والمجموعة الضابطة . الطرق: تلقى جميع المشاركين 6 جلسات علاجية خلال 3 أسابيع. حصلت المجموعة الضابطة على العلاج التقليدي فقط، والذي تضمن الكمادات الساخنة، تمارين الحركة النشطة، وتمارين تقوية عضلات الرقبة بطريقة ثابتة. بينما حصلت المجموعة العلاجية على علاج SMWAM بالإضافة إلى العلاج التقليدي، تم قياس النتائج باستخدام: سرعة توصيل الأعصاب، شدة الألم باستخدام مقياس الألم البصري، مستوى الإعاقة باستخدام مؤشر إعاقة الرقبة، مدى حركة الرقبة النتائج: بعد انتهاء البرنامج العلاجي، لم تُظهر مؤشرات التوصيل العصبي )مثل الزمن الكامن، والسعة، والسرعة، وموجةF ) فروقًا ذات دلالة إحصائية بين المجموعتين (p > 0.05). لكن شدة الألم والإعاقة الوظيفية انخفضتا بشكل ملحوظ في كلتا المجموعتين، وكان التحسن أكبر في المجموعة العلاجية (p < 0.05). كذلك أظهرت المجموعة العلاجية تحسنًا كبيرًا في مدى حركة الرقبة (الثني، المد، الانحناء الجانبي، والدوران) مقارنة بالمجموعة الضابطة (p < 0.05). الاستنتاج: يساعد تطبيق SMWAM مع العلاج التقليدي على تقليل الألم والاضطراب الوظيفي في الرقبة وكذلك تحسين حركة الرقبة بشكل أكثر فعالية من العلاج التقليدي وحده. ويوصى بإجراء دراسات إضافية لاستكشاف تأثيراته طويلة المدى وآلية عمله. | |
| 530 | _aIssues also as CD. | ||
| 546 | _aText in English and abstract in Arabic & English. | ||
| 650 | 0 | _aPhysical Therapy | |
| 650 | 0 | _aالعلاج الطبيعي | |
| 653 | 1 |
_aCervical Radiculopathy _aPain _aRange Of Motion _aضغط جذور الأعصاب _aالألم |
|
| 700 | 0 |
_aMaher Ahmed Elkeblawy _ethesis advisor. |
|
| 700 | 0 |
_aHaidy Mohamed Alshebawy _ethesis advisor. |
|
| 700 | 0 |
_aIbrahim Mohamed Hassan _ethesis advisor. |
|
| 900 |
_b01-01-2025 _cMaher Ahmed Elkeblawy _cHaidy Mohamed Alshebawy _cIbrahim Mohamed Hassan _UCairo University _FFaculty of Physical Therapy _DDepartment of Basic Science |
||
| 905 | _aShimaa | ||
| 942 |
_2ddc _cTH _e21 _n0 |
||
| 999 | _c179790 | ||